Statistics for The top ten most abundant greenhouse gases.

Click here to take the quiz!

General Stats

  • This quiz has been taken 8 times
  • The average score is 5 of 10

Answer Stats

HintSymbolAnswer% Correct
2ndCO2Carbon dioxide
100%
3rdCH4Methane
100%
5thO3 (but stops UV rays)Ozone
100%
4thN2ONitrous oxide/ Laughing gas
63%
1stH2O (and state)Water Vapour
63%
6thCHF3Trifluoromethane
25%
8thSF6Sulfur Hexafluoride
13%
7thC2F6Hexafluoroethane
0%
10thSO2F2Sulfuryl Fluoride
0%
9thCClF3Trichlorofluoromethane
0%

Score Distribution

Percentile by Number Answered

Percent of People with Each Score

Your Score History

You have not taken this quiz